000 00691nam a2200193Ia 4500
003 GCL
008 140319s9999 xx 000 0 ara d
040 _aGCL /
_cGCL
082 0 4 _a940.18
_bز ع
100 1 _aزكى النقاش
245 1 0 _aالعلاقات الإجتماعية والثقافية والاقتصادية بين العرب والإفرنج خلال الحروب الصليبية /
_cزكى النقاش
260 _a[S.N] :
_bدار الكتاب اللبنانى ،
_c1946
300 _a154 ص
490 _a
650 0 4 _aالحروب الصليبية
650 0 4 _aالتاريخ الاسلامى
650 0 4 _aالعرب والاستعمار
942 _2ddc
_cBK
999 _c53523
_d53523